00662nam a2200169 i 4500001000700000003000900007005001700016007000300033008004100036111006100077245013800138260007500276300002700351650003700378710005600415852002100471114751ES-MaACL20230906190237.0t|070322s1921 sz ||||1| eng d2 aInternational Congress of Women (n3ยบ. d1921. cViena)10aReport of the third International Congress of Women, Vienna, July 10-17, 1921 / cWomen's International League for Peace and Freedom. aGeneva : bWomen's International League for Peace and Freedom, c1921. aXII, 324 p. ; c24 cm.14aMujeres-vCongresos y asambleas.1 aWomen's International League for Peace and Freedom. aES-MaACLjC-2799